Дело по жалобе уманского мещанина Роттемберга на неправильное предание его суду с учреждением полицейского надзора за донос об у...

Доступно только в Электронных читальных залах Найти на картеНа карте
RUSMARC
00003643nmc2a2200000 x 450
0016c5b5ed2-e9e3-437e-a92e-45d3c781562c
00520160627185514.0
100##$a20151109l18371838k l0rusy0189 ca
1010#$arus
102##$aRU
2001#$aДело по жалобе уманского мещанина Роттемберга на неправильное предание его суду с учреждением полицейского надзора за донос об утайке обанкротившимся евреем Раппортом капитала
$j10 сентября 1837 г. - 26 мая 1838 г.
251##$cДело
300##$aДело
801#0$aRU
$bРГИА
$c20151109
$gRCR
801#1$aRU
$bГлавНИВЦ
$c20151109
$2rusmarc
801#2$aRU
$bПБ им. Б.Н. Ельцина
$c20160627
$gRCR
$2rusmarc
850##$aРГИА
852##$aРГИА
$eФедеральное казенное учреждение "Российский государственный исторический архив" (РГИА)
$j253
937##$hРГИА
$d12180453
$aASBIBLIO_SCAN
461#0$10013e300ed0-cd39-49af-8489-5ba5b90fa401
$12001
$aДепартамент полиции исполнительной МВД
$1251
$cФонд
$1852
$j1286
215##$a11 л.
$d36,5х26 см
371##$aДокумент не является опубликованным и широко распространяемым
105##$ay###
1222#$ad
462#0$1001cf8ff823-a729-4add-9722-5203028a801d
$12001
$a1835-1837 гг. Дела Департамента полиции исполнительной МВД за 1837 г.
$1251
$cОпись
$1852
$j6
$l1837 г.
035##$a6c5b5ed2-e9e3-437e-a92e-45d3c781562c
Формат отображения